000 00405cam a2200169ua 4500
020 _c1.00
041 _aeng
_h
082 _a350
_bSAC/IN
100 _aSachdeva, Gupta .
245 _aIndia administration /
_cSachdeva Gupta.
_hTextual Documents
260 _aNew Delhi :
_bAjanta Prakashan ,
_c1965.
300 _a32 ; .
365 _a1.00
504 _a
942 _cBK
999 _c4775
_d4775